Statistiques concernant Paris ou Londres ?

Cliquez ici pour prendre le quiz!

Statistiques générales

  • Ce quiz a été pris 502 fois
    (426 depuis la dernière actualisation)
  • Le résultat moyen est 8 sur 15

Statistiques - réponses

QuestionRéponse% Correct
Possède le musée le plus visité du monde ?Paris.
94%
A la plus grande superficie ?Londres.
81%
A la plus grande densité de population ?Paris.
77%
Possède plus de statues d'animaux que d'êtres humains ?Londres.
72%
A la plus grande population ?Londres.
68%
Le fleuve qui le traverse est le plus long ?Paris.
62%
Le loyer moyen d'un appartement d'une chambre y est le plus faible ?Paris.
59%
L'actrice Emma Watson y est née ?Paris.
59%
Possède le plus d’ambassades internationales ?Paris.
58%
Ville qui possède le plus de milliardaires ?Londres.
55%
Possède le plus d'universités ?Londres.
43%
A le taux de chômage le plus faible ?Paris.
32%
A la température moyenne la plus basse en janvier ?Paris.
22%
Possède le plus de musées ?Londres.
19%
Accueil le plus de touristes par an ?Londres.
5%

Distribution des résultats

Percentile par nombre de réponses

% des personnes avec chaque résultat

Votre développement - résultats

Vous n’avez pas pris ce quiz depuis la dernière actualisation